Alois Matura (1897-1971)
Na minha lista:
| Autor principal: | |
|---|---|
| Outros Autores: | , |
| Formato: | Capítulo de Livro |
| Idioma: | eslovaco |
| Tags: |
Sem tags, seja o primeiro a adicionar uma tag!
|
MARC
| LEADER | 00000naa$a2200000$$$4500 | ||
|---|---|---|---|
| 001 | 0219409 | ||
| 005 | 20240502073620.7 | ||
| 041 | 0 | |a slo | |
| 044 | |a SK | ||
| 245 | 1 | 0 | |a Alois Matura (1897-1971) |c Michal Gašpar, Anton Slovinský, Eva Vlková |
| 100 | 1 | |a Gašpar, Michal | |
| 700 | 1 | |a Slovinský, Anton | |
| 700 | 1 | |a Vlková, Eva, 1953- | |